Формирование структурно-фазовых состояний в алюмооксидной керамике ВК-95 при спекании в постоянном магнитном поле; Известия вузов. Физика; Т. 62, № 2 (734)
| Parent link: | Известия вузов. Физика: научный журнал/ Национальный исследовательский Томский государственный университет (ТГУ) Т. 62, № 2 (734).— 2019.— [С. 175-177] |
|---|---|
| Corporate Authors: | , |
| Outros Autores: | , , , , |
| Resumo: | Заглавие с экрана Режим доступа: по договору с организацией-держателем ресурса |
| Idioma: | russo |
| Publicado em: |
2019
|
| Colecção: | Краткие сообщения |
| Assuntos: | |
| Acesso em linha: | https://elibrary.ru/item.asp?id=36996994 |
| Formato: | MixedMaterials Recurso Electrónico Capítulo de Livro |
| KOHA link: | https://koha.lib.tpu.ru/cgi-bin/koha/opac-detail.pl?biblionumber=660603 |
MARC
| LEADER | 00000naa0a2200000 4500 | ||
|---|---|---|---|
| 001 | 660603 | ||
| 005 | 20250404132149.0 | ||
| 035 | |a (RuTPU)RU\TPU\network\30195 | ||
| 090 | |a 660603 | ||
| 100 | |a 20190814d2019 k||y0rusy50 ca | ||
| 101 | 0 | |a rus | |
| 102 | |a RU | ||
| 135 | |a arcn ---uucaa | ||
| 181 | 0 | |a i | |
| 182 | 0 | |a b | |
| 200 | 1 | |a Формирование структурно-фазовых состояний в алюмооксидной керамике ВК-95 при спекании в постоянном магнитном поле |d Structural-phase states formation in alumina ceramics VK-95 during sintering in a constant magnetic field |f А. П. Клишин, С. В. Руднев, С. А. Гынгазов [и др.] | |
| 203 | |a Текст |c электронный | ||
| 225 | 1 | |a Краткие сообщения | |
| 300 | |a Заглавие с экрана | ||
| 320 | |a [Библиогр.: 12 назв.] | ||
| 333 | |a Режим доступа: по договору с организацией-держателем ресурса | ||
| 461 | |t Известия вузов. Физика |o научный журнал |f Национальный исследовательский Томский государственный университет (ТГУ) | ||
| 463 | |t Т. 62, № 2 (734) |v [С. 175-177] |d 2019 | ||
| 510 | 1 | |a Structural-phase states formation in alumina ceramics VK-95 during sintering in a constant magnetic field |z eng | |
| 610 | 1 | |a труды учёных ТПУ | |
| 610 | 1 | |a электронный ресурс | |
| 610 | 1 | |a магнитное поле | |
| 610 | 1 | |a спекание | |
| 610 | 1 | |a микроструктура | |
| 610 | 1 | |a оксид алюминия | |
| 610 | 1 | |a прочность | |
| 610 | 1 | |a микротвердость | |
| 701 | 1 | |a Клишин |b А. П. |g Андрей Петрович | |
| 701 | 1 | |a Руднев |b С. В. |g Станислав Васильевич | |
| 701 | 1 | |a Гынгазов |b С. А. |c специалист в области электроники |c профессор Томского политехнического университета, доктор технических наук |f 1958- |g Сергей Анатольевич |3 (RuTPU)RU\TPU\pers\26531 |9 12225 | |
| 701 | 1 | |a Верещагин |b В. И. |c химик-технолог |c профессор Томского политехнического университета, доктор технических наук |f 1942- |g Владимир Иванович |3 (RuTPU)RU\TPU\pers\19774 |9 7712 | |
| 701 | 1 | |a Бородин |b Ю. В. |c химик-технолог |c доцент Томского политехнического университета, кандидат технических наук |f 1958- |g Юрий Викторович |3 (RuTPU)RU\TPU\pers\26181 |9 11990 | |
| 712 | 0 | 2 | |a Национальный исследовательский Томский политехнический университет |b Инженерная школа неразрушающего контроля и безопасности |b Отделение контроля и диагностики |3 (RuTPU)RU\TPU\col\23584 |
| 712 | 0 | 2 | |a Национальный исследовательский Томский политехнический университет |b Инженерная школа новых производственных технологий |b Научно-образовательный центр Н. М. Кижнера |3 (RuTPU)RU\TPU\col\23556 |
| 801 | 2 | |a RU |b 63413507 |c 20201111 |g RCR | |
| 856 | 4 | 0 | |u https://elibrary.ru/item.asp?id=36996994 |
| 942 | |c CF | ||